Statistics for Top 50 of Most Expensive Football Transfers (2013)

Click here to take the quiz!

General Stats

  • This quiz has been taken 243 times
    (89 since last reset)
  • The average score is 15 of 50

Answer Stats

Fee €Player Name% Correct
45 mRonaldo
91%
100 mGareth Bale
85%
75 mZinedine Zidane
67%
94 mCristiano Ronaldo
64%
57 mNeymar
59%
68 mKaka
56%
58 mFernando Torres
55%
62 mLuis Figo
53%
69 mZlatan Ibrahimovic
50%
44.8 mRio Ferdinand
41%
45 mGianluigi Buffon
39%
37 mWayne Rooney
39%
37.5 mDavid Beckham
39%
45 mSergio Aguero
39%
50 mMesut Ozil
36%
47 m | 60 mRadamel Falcao
35%
37.5 mEden Hazard
33%
36 mDidier Drogba
30%
64 mEdinson Cavani
30%
43.9 mAndriy Shevchenko
29%
39 mGonzalo Higuain
27%
55 mCarlos Tevez
27%
45 mJames Rodriguez
26%
40 mCesc Fabregas
26%
36 mArjen Robben
26%
45 mHulk
26%
45 mChristian Vieri
24%
56.5 mHernan Crespo
24%
41 mAndy Carroll
24%
42.5 mRobinho
23%
40 mDavid Villa
21%
37 mMario Gotze
21%
38 mDimitar Berbatov
15%
42 mThiago Silva
15%
41 mPavel Nedved
15%
40 mJavi Martinez
14%
42.6 mJuan Sebastian Veron
14%
48 mGaizka Mendieta
14%
40.6 mMark Overmars
11%
40 mAxel Witsel
11%
40 mJavier Pastore
11%
40 mFernandinho
11%
37 mFilippo Inzaghi
9%
44.3 mLucas Moura
9%
38 mMichael Essien
8%
35.5 mDaniel Alves
6%
35.9 mLilian Thuram
5%
35.4 mXabi Alonso
5%
39 mAsier Illarramendi
0%

Score Distribution

Percentile by Number Answered

Percent of People with Each Score

Your Score History

You have not taken this quiz since the last reset